| 000 | 01458nam a22003257a 4500 | ||
|---|---|---|---|
| 999 |
_c22412 _d22412 |
||
| 003 | OSt | ||
| 005 | 20220608101425.0 | ||
| 008 | 220602b ||||| |||| 00| 0 spa d | ||
| 020 | _a9786123260125 | ||
| 040 | _cBiblioteca Municipal de Cusco | ||
| 082 |
_a323.340985/B88 _bB88 |
||
| 100 |
_aBueno-Hansen, Pascha _eautor _948074 |
||
| 240 |
_aFeminist and human rights struggles in Peru: decolonizing transitional justice _lEspañol |
||
| 245 |
_aDerechos feministas y humanos en el Perú : _bdecolonizando la justicia transicional / _cPascha Bueno-Hansen ; traducción, Eloy Neira y Aroma de la Cadena |
||
| 250 | _aPrimera edición en español | ||
| 260 |
_aLima : _bInstituto de Estudios Peruanos, _c2020. |
||
| 300 |
_a318 páginas. : _bilustraciones, mapas ; _c23 cm. |
||
| 490 |
_aEstudios sobre memoria y violencia ; _v11 |
||
| 500 | _aTraducción de: Feminist and human rights struggles in Peru: decolonizing transitional justice. | ||
| 504 | _aBibliografía: páginas [281]-318. | ||
| 650 |
_aDerechos de la mujer _zPerú _948075 |
||
| 650 |
_aDerechos humanos _zPerú _948076 |
||
| 650 |
_aDefensa de los derechos humanos _zPerú _948077 |
||
| 650 |
_aFeminismo _zPerú _948078 |
||
| 650 |
_aComisiones de la verdad _948079 |
||
| 700 |
_aNeira Riquelme, Eloy _d1956- _etraductor _948080 |
||
| 700 |
_aCadena, Aroma de la _d1956- _etraductor _948081 |
||
| 710 |
_aInstituto de Estudios Peruanos (Lima) _eentidad editora _99759 |
||
| 942 |
_2ddc _cLIBROS |
||